LEADER 00504nas a2200157 i 4500 001 000000132218 003 CaOOAMICUS 005 20041202000000.0 008 041202b xx uu u0 0und r 013 $a105161 040 $aSeMil$bita 245 10$aTitolo mancante. 773 0 $tPer la filosofia.$dMilano : Massimo, 1984.$x0394-4131$w()2601 850 $aSeMil 852 $aSeMil$W1$xVenegono$y1$m91 2 1-20$j86138$B86138$CSeMilBibl$Z2$F89890 $82 996 $6245$aTitolo mancante$9(OLS)http://semarc/title/46445 LEADER 00740nam a2200181 i 4500 001 000000200288 003 CaOOAMICUS 005 20110407000000.0 008 110407s1907 it u000 u fre u 013 $a178986 040 $aSeMil$bita 245 10$aDéveloppement de la fonction perturbatrice. 300 $a165 p. 700 1 $aPoincaré, Henri,$d<1854-1912>.$0(OLS)http://semarc/name/10921 773 0 $aPoincaré, Henri <1854-1912>$tLeçons de mécanique céleste professées a la Sorbonne.$dParis : Gauthier-Villars, 1905.$gTome2$w()24667 850 $aSeMil 852 $aSeMil$W1$xVenegono$y1$m3XF IV 14$j150817$B150817$CSeMilBibl$Z2$F162133 $81 996 $6245$aDéveloppement de la fonction perturbatrice$9(OLS)http://semarc/title/289629